000 00197nam a22000857a 4500
100 _aAmbily, K.K.
245 _aRandam gadu valaprayogam
260 _bRubber, 688(September): 2023. 11-12.
942 _cJS
999 _c75073
_d75073